Soviet Leaders Birthplaces - Map Quiz - Statistics

General Stats
  • This quiz has been taken 124 times
  • The average score is 3 of 7
Answers on the Map
Answers color-coded by a green-red scale on the quiz's map according to % correct below.
 
Answer Stats
Answer % Correct
Joseph Stalin
94%
Vladimir Lenin
58%
Nikita Khrushchev
46%
Mikhail Gorbachev
43%
Konstantin Chernenko
35%
Leonid Brezhnev
30%
Yuri Andropov
28%
No matching quizzes found
Score Distribution
Percent of People with Each Score
Percentile by Number Answered
Your Score History
You have not taken this quiz